The newspapers handbook / (Record no. 7086)

MARC details
000 -LEADER
fixed length control field 01640cam a2200253 4500
001 - CONTROL NUMBER
control field 8215
005 - DATE AND TIME OF LATEST TRANSACTION
control field 20181127185402.0
008 - FIXED-LENGTH DATA ELEMENTS--GENERAL INFORMATION
fixed length control field 001120s2001 nyua bf 001 0 eng
010 ## - LIBRARY OF CONGRESS CONTROL NUMBER
LC control number 00067065
020 ## - INTERNATIONAL STANDARD BOOK NUMBER
International Standard Book Number 0415240824 (hbk.)
International Standard Book Number 0415240832 (pbk.)
082 00 - DEWEY DECIMAL CLASSIFICATION NUMBER
Classification number 070.1/72
Edition number 21
100 1# - MAIN ENTRY--PERSONAL NAME
Personal name Keeble, Richard,
Dates associated with a name 1948-
245 14 - TITLE STATEMENT
Title The newspapers handbook /
Statement of responsibility, etc. Richard Keeble.
250 ## - EDITION STATEMENT
Edition statement 3rd ed.
260 ## - PUBLICATION, DISTRIBUTION, ETC.
Place of publication, distribution, etc. London ;
-- New York :
Name of publisher, distributor, etc. Routledge,
Date of publication, distribution, etc. c2001.
300 ## - PHYSICAL DESCRIPTION
Extent 270 p. :
Other physical details ill ;
Dimensions 24 cm.
504 ## - BIBLIOGRAPHY, ETC. NOTE
Bibliography, etc. note Includes bibliographical references (p. [254]-260) and index.
505 ## - FORMATTED CONTENTS NOTE
Formatted contents note CONTENTS: Behind the Hollywood myths: the journalist's job -- Efficks, ethics of politics? -- Sourcing the news -- The art of interviewing -- Learning the language of news -- News reporting -- Planning for the unforeseen -- More news assignments -- Reporting national and local government -- Covering the courts -- Investigative reporting -- Feature writing -- Some specialist areas -- New technology -- On and off the job? Training and careers Glossary --Bibliography -- Index.
Miscellaneous information
Statement of responsibility
Title
520 ## - SUMMARY, ETC.
Summary, etc. "A comprehensive guide to the job of a newspaper journalist. The handbook offers advice on a range of different types of newspaper writing, from 'hard news' to features and profiles, looks at how different events, including press conferences, accidents and disasters are covered, and shows why different reporting styles are appropriate to different kinds of newspapers."
650 #0 - SUBJECT ADDED ENTRY--TOPICAL TERM
Topical term or geographic name entry element Journalism
Form subdivision Handbooks, manuals, etc.
Topical term or geographic name entry element Newspaper publishing
Form subdivision Handbooks, manuals, etc.
Holdings
Withdrawn status Lost status Source of classification or shelving scheme Damaged status Not for loan Collection code Home library Current library Shelving location Date acquired Serial Enumeration / chronology Inventory number Total Checkouts Total Renewals Full call number Barcode Date last seen Date last checked out Price effective from Koha item type
    Dewey Decimal Classification     Main TEST RTC Library RTC Library Main opac 06/03/2023 12324 1 5 070 KEE 30011816 02/06/2023 06/03/2023 27/11/2018 Main
Royal Thimphu College || All Right Reserved